| 000 | 00595nam a2200193 4500 | ||
|---|---|---|---|
| 001 | 132661 | ||
| 003 | ES-MaACL | ||
| 005 | 20230906194225.0 | ||
| 007 | t| | ||
| 008 | 070214s1905 it r ||||1| ita d | ||
| 100 | 1 |
_aRoosevelt, Theodore. _999531 |
|
| 245 | 1 | 0 |
_aVigor di vita _b: = (The strenuous life) / _cTh. Roosevelt ; traduzione di Hilda di Malgra. |
| 260 |
_aMilano : _bFratelli Treves, _c1905. |
||
| 300 |
_a350 p. ; _c19 x 12 cm. |
||
| 500 | _aTit. orig.: The strenuous life. | ||
| 700 | 1 |
_aDi Malgra, Hilda. _944079 |
|
| 740 | 0 | _aThe strenuous life. | |
| 852 |
_aES-MaACL _jF-9762 |
||
| 999 |
_c132661 _d132661 |
||